000 00560nam a2200229Ia 4500
005 20250425162010.0
008 250425s9999 xx 000 0 und d
041 _aeng
082 _a621.4022
100 _aINCROPERA, FRANK P.
245 0 _aFUNDAMENTALS OF HEAT AND MASS TRANSFER
250 _aS.E.
260 _aCanadá
_bJOHN WILEY
_c1990
260 _aS.L.
300 _a911
650 _aCONDUCCION DE CALOR
650 _aCONVECCION
650 _aTRANSFERENCIA DE CALOR
650 _aTRANSFERENCIA DE MASA
942 _c01
010 _a39434
999 _c220365
_d220365